000 00519nam a2200181Ia 4500
008 151202s9999||||xx |||||||||||||| ||und||
082 _bPNVM-60739
100 _aहरकारे अरुण.
245 _aकर्ज.
260 _bनिशिराज पब्लिकेशन पुणे.
260 _c60739
300 _a172
600 _aहरकारे अरुण.
630 _aकर्ज.
700 _aहरकारे अरुण.
730 _aकर्ज.
942 _cBOOK
999 _c1327273
_d1327270